000
00275nam a2200097Ia 4500
001
1189637
005
20250827021053.0
008
250824s9999 xx 000 0 und d
245
0
_a
YILDIZLAR OKULU BİRİNCİ DÖNEM
_c
HOLLY KELLY WİLLOUGHBY
260
_b
MARTI ÇOCUK YAYINLARI
999
_c
1189637
_d
1189637